[Event "Titled Tue 10th Jun Early"]
[Site "chess.com INT"]
[Date "2025.06.10"]
[Round "9"]
[White "Reprintsev, Alexander"]
[Black "Sethuraman, Roshan"]
[Result "1-0"]
[WhiteTitle "IM"]
[WhiteElo "2256"]
[BlackElo "2074"]
[WhiteFideId "14100541"]
[BlackFideId "30965250"]
[EventDate "2025.06.10"]

1. e4 c5 2. b3 Nc6 3. Bb2 d6 4. Bb5 Bd7 5. Ne2 Nf6 6. f3 e6 7. c4 a6 8. Bxc6
Bxc6 9. d4 cxd4 10. Nxd4 Bd7 11. Nc3 Be7 12. Qd2 Qc7 13. O-O-O Rc8 14. Kb1 h6
15. h4 Qa5 16. g4 Nh7 17. f4 b5 18. cxb5 axb5 19. Ncxb5 Qa6 20. a4 e5 21. Nf5
Bxf5 22. exf5 Qc6 23. Nxd6+ Bxd6 24. Qxd6 Qxd6 25. Rxd6 exf4 26. Bxg7 1-0

[Event "Titled Tue 10th Jun Early"]
[Site "chess.com INT"]
[Date "2025.06.10"]
[Round "9"]
[White "Aarit Kapil"]
[Black "Tao, Sihan"]
[Result "0-1"]
[WhiteTitle "CM"]
[BlackTitle "FM"]
[WhiteElo "2078"]
[BlackElo "2202"]
[WhiteFideId "33408947"]
[BlackFideId "30982677"]
[EventDate "2025.06.10"]

1. Nf3 c5 2. e4 d6 3. d4 cxd4 4. Nxd4 Nf6 5. Nc3 Nc6 6. Bb5 Bd7 7. O-O g6 8. f3
Bg7 9. Be3 O-O 10. Qd2 Nxd4 11. Bxd4 Bxb5 12. Nxb5 a6 13. Nc3 Rc8 14. Kh1 Qa5
15. Nd5 Qxd2 16. Nxe7+ Kh8 17. Bc3 Rxc3 18. bxc3 Re8 0-1

[Event "Titled Tue 10th Jun Early"]
[Site "chess.com INT"]
[Date "2025.06.10"]
[Round "9"]
[White "Mattenberger, Matthias"]
[Black "Tahmasebi, Hamidreza"]
[Result "0-1"]
[WhiteTitle "FM"]
[BlackTitle "FM"]
[WhiteElo "2286"]
[BlackElo "2298"]
[WhiteFideId "1339958"]
[BlackFideId "12537527"]
[EventDate "2025.06.10"]

1. d4 Nf6 2. c4 e6 3. Nc3 Bb4 4. a3 Bxc3+ 5. bxc3 b6 6. f3 d5 7. cxd5 exd5 8. e3
O-O 9. Bd3 Ba6 10. Ne2 Bxd3 11. Qxd3 c5 12. O-O Nc6 13. e4 dxe4 14. fxe4 Re8 15.
Bg5 cxd4 16. cxd4 Qd6 17. Bxf6 gxf6 18. Rad1 Rad8 19. e5 Nxe5 20. Qf5 Nc4 21.
Ng3 Ne3 22. Qh5 Nxf1 23. Nf5 Qxh2+ 24. Qxh2 Nxh2 0-1

[Event "Titled Tue 10th Jun Early"]
[Site "chess.com INT"]
[Date "2025.06.10"]
[Round "9"]
[White "Chiang, Jacob"]
[Black "Fikiet, Alex"]
[Result "1-0"]
[WhiteElo "2006"]
[BlackElo "2151"]
[WhiteFideId "30962331"]
[BlackFideId "2052717"]
[EventDate "2025.06.10"]

1. c4 e5 2. Nc3 Bb4 3. e3 Bxc3 4. dxc3 Nf6 5. b3 O-O 6. Bb2 a5 7. Nf3 d6 8. Be2
Nc6 9. O-O b6 10. Qc2 Qe7 11. Rad1 Nd8 12. Ba3 Ne6 13. Nxe5 Bb7 14. Bf3 Bxf3 15.
Nxf3 Nd7 16. Rd5 h6 17. Rfd1 a4 18. b4 Nf6 19. R5d2 Rfe8 20. h3 Nf8 21. Rd4 N8d7
22. Bc1 Qe6 23. a3 Ne4 24. Nd2 Nxf2 25. Kxf2 Qxe3+ 26. Kf1 Qe2+ 27. Kg1 Qe3+ 28.
Kh1 1-0

[Event "Titled Tue 10th Jun Early"]
[Site "chess.com INT"]
[Date "2025.06.10"]
[Round "9"]
[White "Tristan, Leonardo"]
[Black "Sapocinic, Semion"]
[Result "1-0"]
[WhiteTitle "GM"]
[BlackTitle "FM"]
[WhiteElo "2536"]
[BlackElo "2296"]
[WhiteFideId "113816"]
[BlackFideId "13908693"]
[EventDate "2025.06.10"]

1. d4 Nf6 2. Nf3 d5 3. Bf4 e6 4. e3 c5 5. c3 Bd6 6. Bb5+ Nc6 7. Bg3 O-O 8. Nbd2
Qe7 9. Bxc6 bxc6 10. Qa4 Bd7 11. Bxd6 Qxd6 12. Qa3 Rab8 13. Nb3 Ne4 14. Nfd2
Nxd2 15. Kxd2 e5 16. Qxc5 Qf6 17. Raf1 exd4 18. cxd4 a5 19. Qc3 Qg6 20. Rhg1 Rb5
21. Nc5 Rfb8 22. b3 Be8 23. Qc2 Qf6 24. g4 Qd6 25. f4 Rb4 26. h4 Bd7 27. Na6 a4
28. Nxb4 axb3 29. Qc5 Qxc5 30. dxc5 Rxb4 31. axb3 Rxb3 32. Rb1 Rxb1 33. Rxb1 g6
34. g5 Kf8 35. Kc3 1-0

[Event "Titled Tue 10th Jun Early"]
[Site "chess.com INT"]
[Date "2025.06.10"]
[Round "9"]
[White "Iniyan, Pa"]
[Black "Alizadeh, Mohammad Mahdi"]
[Result "1-0"]
[WhiteTitle "GM"]
[BlackTitle "CM"]
[WhiteElo "2573"]
[BlackElo "2039"]
[WhiteFideId "25002767"]
[BlackFideId "22598820"]
[EventDate "2025.06.10"]

1. c4 c5 2. g3 Nc6 3. Bg2 g6 4. Nf3 Bg7 5. Nc3 e6 6. O-O Nge7 7. e3 O-O 8. d4 d6
9. b3 b6 10. Bb2 Bb7 11. d5 exd5 12. cxd5 Ne5 13. Nxe5 Bxe5 14. f4 Bg7 15. Qd2
f5 16. e4 fxe4 17. Nxe4 Nf5 18. Bxg7 Nxg7 19. Rae1 Bc8 20. Ng5 Bf5 21. Ne6 Qd7
22. Nxf8 Rxf8 23. Re3 b5 24. Rfe1 Qc8 25. Re7 Rf7 26. Qa5 Rxe7 27. Rxe7 c4 28.
Qxa7 Nh5 29. bxc4 bxc4 30. Rb7 Qe8 31. Re7 Qb5 32. Qa8+ 1-0

[Event "Titled Tue 10th Jun Early"]
[Site "chess.com INT"]
[Date "2025.06.10"]
[Round "9"]
[White "Ughuzov, Ravan"]
[Black "Kosteniuk, Alexandra"]
[Result "1-0"]
[WhiteTitle "FM"]
[BlackTitle "GM"]
[WhiteElo "2295"]
[BlackElo "2474"]
[WhiteFideId "13419315"]
[BlackFideId "4128125"]
[EventDate "2025.06.10"]

1. e4 c6 2. Nf3 d5 3. Nc3 dxe4 4. Nxe4 Nf6 5. Qe2 Bf5 6. Nxf6+ gxf6 7. d3 Qc7 8.
g3 e6 9. Bg2 Nd7 10. Bd2 O-O-O 11. O-O-O Nb6 12. Kb1 Nd5 13. Nh4 Bg6 14. f4 f5
15. c4 Nf6 16. Bc3 Bg7 17. Bf3 Rhg8 18. Rhe1 Nd7 19. Bxg7 Rxg7 20. d4 Nb6 21. d5
Kb8 22. dxc6 bxc6 23. Rxd8+ Qxd8 24. Qe5+ Kb7 25. Qxg7 Qd3+ 26. Ka1 Nxc4 27.
Nxg6 1-0

[Event "Titled Tue 10th Jun Early"]
[Site "chess.com INT"]
[Date "2025.06.10"]
[Round "9"]
[White "Kozak, Antoni"]
[Black "Gonzalez Menendez, Ivan"]
[Result "1-0"]
[BlackTitle "FM"]
[WhiteElo "2426"]
[BlackElo "2382"]
[WhiteFideId "21832030"]
[BlackFideId "2226316"]
[EventDate "2025.06.10"]

1. Nf3 d5 2. e3 Nf6 3. c4 e6 4. b3 c6 5. Bb2 Nbd7 6. g3 Nc5 7. d4 Nce4 8. Bg2
Bb4+ 9. Ke2 O-O 10. a3 Bd6 11. Re1 Qb6 12. Nfd2 Nxd2 13. Nxd2 dxc4 14. Nxc4 Qa6
15. Kf1 Bc7 16. Kg1 Rd8 17. Qc2 Bd7 18. Bf1 b5 19. Ne5 Be8 20. Nd3 Ba5 21. Rec1
Ne4 22. b4 Bb6 23. Ne5 Nf6 24. Nxc6 Rac8 25. Ne7+ 1-0

[Event "Titled Tue 10th Jun Early"]
[Site "chess.com INT"]
[Date "2025.06.10"]
[Round "9"]
[White "Wu, Derek"]
[Black "Garcia Correa, Jose Ricardo"]
[Result "0-1"]
[WhiteTitle "FM"]
[BlackTitle "FM"]
[WhiteElo "2232"]
[BlackElo "2103"]
[WhiteFideId "30914558"]
[BlackFideId "5101832"]
[EventDate "2025.06.10"]

1. d4 Nf6 2. c4 e6 3. Nc3 d5 4. Nf3 c6 5. Bg5 dxc4 6. e4 b5 7. e5 h6 8. Bh4 g5
9. Nxg5 hxg5 10. Bxg5 Nbd7 11. g3 Bb7 12. Bg2 Qb6 13. exf6 O-O-O 14. O-O Bh6 15.
h4 Bxg5 16. hxg5 Ne5 17. dxe5 Rxd1 18. Rfxd1 c5 19. Rd6 Qa5 20. Bxb7+ Kxb7 21.
Rad1 b4 22. Ne4 c3 23. bxc3 bxc3 24. Rd7+ Ka8 25. Rxf7 c2 26. Rc1 Qxa2 27. g6
Qb1 28. Rh7 Qxc1+ 29. Kg2 Rxh7 30. gxh7 Qh6 0-1

[Event "Titled Tue 10th Jun Early"]
[Site "chess.com INT"]
[Date "2025.06.10"]
[Round "9"]
[White "Xiong, Jeffery"]
[Black "Urazayev, Arystanbek"]
[Result "1-0"]
[WhiteTitle "GM"]
[BlackTitle "IM"]
[WhiteElo "2639"]
[BlackElo "2490"]
[WhiteFideId "2047640"]
[BlackFideId "13709810"]
[EventDate "2025.06.10"]

1. d4 d5 2. c4 e6 3. Nf3 Nf6 4. Nc3 Nbd7 5. Qc2 c6 6. e4 dxe4 7. Nxe4 Nxe4 8.
Qxe4 Bb4+ 9. Bd2 Bxd2+ 10. Nxd2 e5 11. dxe5 Qa5 12. O-O-O Nc5 13. Qe3 Be6 14. a3
Nd7 15. f4 O-O-O 16. Ne4 Kb8 17. Be2 h5 18. Rd2 Nb6 19. b4 Qa4 20. Rxd8+ Rxd8
21. Nc5 1-0

[Event "Titled Tue 10th Jun Early"]
[Site "chess.com INT"]
[Date "2025.06.10"]
[Round "9"]
[White "Dwilewicz, Katarzyna"]
[Black "Mummana Venkata Ruthvik"]
[Result "1-0"]
[WhiteTitle "WFM"]
[BlackTitle "CM"]
[WhiteElo "2198"]
[BlackElo "2237"]
[WhiteFideId "1148486"]
[BlackFideId "25697307"]
[EventDate "2025.06.10"]

1. e4 e6 2. b3 d5 3. Bb2 dxe4 4. Nc3 Nf6 5. Qe2 Be7 6. Nxe4 Nxe4 7. Qxe4 Bf6 8.
O-O-O Bxb2+ 9. Kxb2 Qf6+ 10. d4 O-O 11. Nf3 Nd7 12. Bd3 g6 13. Qe3 b6 14. h4 h5
15. Ng5 Bb7 16. f3 c5 17. Bb5 Rad8 18. c3 cxd4 19. Rxd4 Nc5 20. Rhd1 Rxd4 21.
Qxd4 e5 22. Qd6 Qf4 23. Bc4 Kg7 24. Qe7 Qf6 25. Qxf6+ Kxf6 26. Nh7+ Ke7 27. Nxf8
Kxf8 28. b4 Na4+ 29. Kb3 Bc6 30. Rd6 Be8 31. Rd8 b5 32. Bxb5 1-0

[Event "Titled Tue 10th Jun Early"]
[Site "chess.com INT"]
[Date "2025.06.10"]
[Round "9"]
[White "Hou, Yifan"]
[Black "Schut, Han"]
[Result "1-0"]
[WhiteTitle "GM"]
[BlackTitle "CM"]
[WhiteElo "2633"]
[BlackElo "2088"]
[WhiteFideId "8602980"]
[BlackFideId "1005561"]
[EventDate "2025.06.10"]

1. c4 Nf6 2. Nf3 g6 3. g3 Bg7 4. Bg2 O-O 5. O-O d5 6. cxd5 Nxd5 7. Nc3 c5 8. Qc2
Nb4 9. Qb3 N8c6 10. d3 Be6 11. Qd1 h6 12. Bd2 Rc8 13. Qc1 Kh7 14. Ne4 b6 15. Bc3
Nd4 16. Qd2 Nxa2 17. Bxd4 cxd4 18. Neg5+ hxg5 19. Nxg5+ Kg8 20. Nxe6 fxe6 21.
Rxa2 a5 22. Be4 Rf6 23. Raa1 Kh7 24. h4 Rc5 25. Qd1 Qd7 26. Rc1 Rxc1 27. Qxc1
Qb5 28. Kg2 Kg8 29. Qc8+ Kf7 30. Bc6 Qc5 31. Qe8# 1-0

[Event "Titled Tue 10th Jun Early"]
[Site "chess.com INT"]
[Date "2025.06.10"]
[Round "9"]
[White "Rozman, Levy"]
[Black "Margl, Roland"]
[Result "1-0"]
[WhiteTitle "IM"]
[BlackTitle "FM"]
[WhiteElo "2324"]
[BlackElo "2289"]
[WhiteFideId "2039877"]
[BlackFideId "773719"]
[EventDate "2025.06.10"]

1. d4 d5 2. Bg5 f6 3. Bd2 Nc6 4. e3 e5 5. Nf3 e4 6. Ng1 Be6 7. Nh3 Bd6 8. c4
dxc4 9. Nc3 Nge7 10. Nxe4 O-O 11. Nxd6 Qxd6 12. Nf4 Bf7 13. Rc1 b5 14. Be2 Nd5
15. Nxd5 Bxd5 16. O-O f5 17. b3 cxb3 18. axb3 a6 19. Rc5 Rad8 20. Qc1 Rf7 21.
Rxd5 Qxd5 22. Bf3 Qxb3 23. Qxc6 Rd6 24. Qc5 g6 25. h4 Kg7 26. h5 Re7 27. h6+
Kxh6 28. e4+ Kg7 29. e5 Rb6 30. Qxe7+ 1-0

[Event "Titled Tue 10th Jun Early"]
[Site "chess.com INT"]
[Date "2025.06.10"]
[Round "9"]
[White "Alikulov, Elbek"]
[Black "Boramanikar, Tanisha S"]
[Result "1-0"]
[WhiteTitle "IM"]
[BlackTitle "WCM"]
[WhiteElo "2305"]
[BlackElo "1743"]
[WhiteFideId "14203308"]
[BlackFideId "35023454"]
[EventDate "2025.06.10"]

1. e4 c5 2. Nf3 Nc6 3. d4 cxd4 4. Nxd4 Nf6 5. Nc3 e5 6. Ndb5 d6 7. Bg5 a6 8. Na3
b5 9. Nab1 Be7 10. Bxf6 Bxf6 11. a4 b4 12. Nd5 O-O 13. c3 Rb8 14. Bc4 Na5 15.
Qe2 bxc3 16. bxc3 Nxc4 17. Qxc4 Bb7 18. O-O Bg5 19. Na3 Kh8 20. Qd3 Qd7 21. Nc4
Bxd5 22. Qxd5 Rfc8 23. Nxe5 Qb7 24. Nxf7+ Kg8 25. Nxg5+ Qxd5 26. exd5 Rxc3 27.
Ne4 Rd3 28. Rfd1 Rbb3 29. Nxd6 1-0

[Event "Titled Tue 10th Jun Early"]
[Site "chess.com INT"]
[Date "2025.06.10"]
[Round "9"]
[White "Chaulagain, Purusottam"]
[Black "Hernandez Jimenez, Alexander Andres"]
[Result "1-0"]
[WhiteTitle "CM"]
[BlackTitle "FM"]
[WhiteElo "1952"]
[BlackElo "2069"]
[WhiteFideId "12300730"]
[BlackFideId "3900452"]
[EventDate "2025.06.10"]

1. d4 Nf6 2. Nc3 e6 3. Bf4 d5 4. e3 Bd6 5. Qf3 O-O 6. g4 Bxf4 7. Qxf4 c5 8. g5
Nfd7 9. h4 Nc6 10. Nf3 Qb6 11. O-O-O Re8 12. h5 cxd4 13. exd4 e5 14. Nxe5 Ndxe5
15. dxe5 d4 16. Nd5 Qa5 17. Nf6+ gxf6 18. gxf6 Qxe5 19. Qh6 1-0

[Event "Titled Tue 10th Jun Early"]
[Site "chess.com INT"]
[Date "2025.06.10"]
[Round "9"]
[White "Kawka, Milena"]
[Black "Huseynova, Lala"]
[Result "0-1"]
[WhiteTitle "WCM"]
[BlackTitle "WFM"]
[WhiteElo "2003"]
[BlackElo "2045"]
[WhiteFideId "21095167"]
[BlackFideId "13431781"]
[EventDate "2025.06.10"]

1. e4 c5 2. Nf3 d6 3. d4 cxd4 4. Nxd4 Nf6 5. Nc3 a6 6. Be3 e5 7. Nf3 Be7 8. Bc4
O-O 9. O-O Qc7 10. Bb3 b5 11. a4 b4 12. Nd5 Nxd5 13. Bxd5 Bb7 14. a5 Nc6 15. Bb6
Qd7 16. Qd2 Rac8 17. Rfd1 Bd8 18. Bxd8 Rfxd8 19. Ng5 Rf8 20. Qd3 h6 21. Nf3 Rfd8
22. Qb3 Qc7 23. Nh4 Nd4 24. Qg3 Ne2+ 0-1

[Event "Titled Tue 10th Jun Early"]
[Site "chess.com INT"]
[Date "2025.06.10"]
[Round "9"]
[White "Zgadzaj, Rafal"]
[Black "Lloret Ramis, Juan Jose"]
[Result "1-0"]
[WhiteTitle "CM"]
[BlackTitle "FM"]
[WhiteElo "2018"]
[BlackElo "2019"]
[WhiteFideId "1113712"]
[BlackFideId "2204053"]
[EventDate "2025.06.10"]

1. e4 c5 2. Nf3 Nf6 3. e5 Nd5 4. Bc4 Nb6 5. Bb5 a6 6. Be2 d5 7. exd6 Qxd6 8. O-O
e5 9. Nc3 Nc6 10. d3 f6 11. Be3 Nd4 12. Re1 Be6 13. Ne4 Qc7 14. c3 Nxe2+ 15.
Qxe2 Be7 16. d4 exd4 17. cxd4 Bc4 18. Qc2 O-O-O 19. dxc5 Bd3 20. Qb3 Bxe4 21.
cxb6 Qd6 22. Bf4 Qxf4 23. Qe6+ Rd7 24. Rxe4 Rd8 1-0

[Event "Titled Tue 10th Jun Early"]
[Site "chess.com INT"]
[Date "2025.06.10"]
[Round "9"]
[White "Ternault, Mathieu"]
[Black "Jake Shanty"]
[Result "0-1"]
[WhiteTitle "FM"]
[BlackTitle "FM"]
[WhiteElo "2275"]
[BlackElo "2252"]
[WhiteFideId "20641532"]
[BlackFideId "33478066"]
[EventDate "2025.06.10"]

1. d4 Nf6 2. c4 c5 3. d5 e6 4. Nc3 exd5 5. cxd5 d6 6. Nf3 g6 7. Bg5 Bg7 8. e3
O-O 9. Be2 h6 10. Bh4 a6 11. a4 Nbd7 12. O-O Re8 13. a5 b5 14. axb6 Qxb6 15. Bg3
Qxb2 16. Nb5 Ne4 17. Rb1 Qa2 18. Nxd6 Nc3 19. Nxe8 Nxd1 20. Rfxd1 Qxe2 21. Nc7
Rb8 22. d6 Rxb1 23. Rxb1 Qc2 24. Rf1 Bb7 25. h4 Bf8 0-1

[Event "Titled Tue 10th Jun Early"]
[Site "chess.com INT"]
[Date "2025.06.10"]
[Round "9"]
[White "Brenke, Andreas"]
[Black "Becking, Stephan"]
[Result "1/2-1/2"]
[WhiteTitle "FM"]
[BlackTitle "IM"]
[WhiteElo "2349"]
[BlackElo "2410"]
[WhiteFideId "4602900"]
[BlackFideId "4632478"]
[EventDate "2025.06.10"]

1. d4 d5 2. c4 e6 3. Nc3 Nf6 4. cxd5 exd5 5. Bg5 c6 6. e3 Be7 7. Bd3 O-O 8. Nge2
Ne4 9. Bxe7 Qxe7 10. Bxe4 dxe4 11. Ng3 f5 12. O-O Be6 13. f3 exf3 14. Rxf3 Nd7
15. Qd3 g6 16. Re1 Rae8 17. h3 Nf6 18. e4 fxe4 19. Ngxe4 Bf5 20. Rfe3 Nxe4 21.
Nxe4 Qf7 22. b3 Bxe4 23. Rxe4 Qf2+ 24. Kh2 Qxe1 25. Rxe1 Rxe1 26. d5 cxd5 27.
Qxd5+ Rf7 28. Qd8+ Rf8 29. Qd5+ Rf7 30. Qd8+ Rf8 31. Qd5+ 1/2-1/2

[Event "Titled Tue 10th Jun Early"]
[Site "chess.com INT"]
[Date "2025.06.10"]
[Round "9"]
[White "Lopez, Henry"]
[Black "Dogan, Umut Anil"]
[Result "0-1"]
[BlackTitle "CM"]
[WhiteElo "2050"]
[BlackElo "2060"]
[WhiteFideId "5203830"]
[BlackFideId "51618060"]
[EventDate "2025.06.10"]

1. d4 Nf6 2. Nf3 e6 3. c4 b6 4. a3 Bb7 5. Nc3 d5 6. cxd5 exd5 7. Bf4 Bd6 8. Bxd6
Qxd6 9. e3 a6 10. Bd3 Nbd7 11. O-O Ne4 12. Rc1 O-O 13. Qb3 Rfe8 14. Rfd1 f5 15.
Bxe4 fxe4 16. Nd2 Kh8 17. Re1 c5 18. Qd1 cxd4 19. exd4 Nf6 20. Nf1 Bc8 21. Ne3
Be6 22. h3 b5 23. Qe2 Bf7 24. Nb1 Rac8 25. Nd2 Bh5 26. Qf1 Qb6 27. Nb3 Bf7 28.
Nc5 b4 29. Qxa6 Qxa6 30. Nxa6 bxa3 31. bxa3 Ra8 32. Rc6 Re7 33. Rec1 h5 34. Rc8+
Re8 35. Rxe8+ Nxe8 36. Nc7 Rc8 0-1

[Event "Titled Tue 10th Jun Early"]
[Site "chess.com INT"]
[Date "2025.06.10"]
[Round "9"]
[White "Shevchenko, Yaroslav"]
[Black "Csonka, Balazs"]
[Result "1-0"]
[BlackTitle "IM"]
[WhiteElo "2179"]
[BlackElo "2467"]
[WhiteFideId "34144684"]
[BlackFideId "742910"]
[EventDate "2025.06.10"]

1. e4 c6 2. d4 d5 3. Nc3 dxe4 4. Nxe4 Nf6 5. Qd3 Nbd7 6. Nf3 g6 7. h4 Bg7 8. g3
Nxe4 9. Qxe4 Nf6 10. Qf4 Bf5 11. Bc4 Bxc2 12. Ne5 O-O 13. h5 Be4 14. hxg6 Bxh1
15. gxf7+ Kh8 16. Qh4 Be4 17. Be3 e6 18. O-O-O Bf5 19. Rh1 Qc7 20. Bxe6 Rxf7 21.
Nxf7+ Kg8 22. Nh6+ 1-0

[Event "Titled Tue 10th Jun Early"]
[Site "chess.com INT"]
[Date "2025.06.10"]
[Round "9"]
[White "Rahman, Masruri"]
[Black "Loskutova, Viktoriya"]
[Result "1-0"]
[WhiteTitle "FM"]
[BlackTitle "WFM"]
[WhiteElo "2407"]
[BlackElo "2092"]
[WhiteFideId "7101163"]
[BlackFideId "34166278"]
[EventDate "2025.06.10"]

1. d4 Nf6 2. Bf4 g6 3. Nc3 d5 4. e3 Bg7 5. h4 c6 6. h5 Nxh5 7. Rxh5 gxh5 8. Qxh5
Nd7 9. Nf3 Nf6 10. Qg5 Rg8 11. Qh4 Bf5 12. O-O-O e6 13. Qh1 Ng4 14. Bg3 Bf6 15.
Bd3 Nxe3 16. fxe3 Bxd3 17. cxd3 Rxg3 18. Qxh7 Rxg2 19. Qh3 Rg6 20. Ne2 Qd6 21.
Nf4 Rg8 22. Qh7 Rh8 23. Nh5 Rxh7 24. Nxf6+ Ke7 25. Nxh7 f6 26. Rg1 Kf7 27. Rf1
Rh8 28. Ne5+ Kg7 29. Nxf6 Rh2 30. Ne8+ 1-0

[Event "Titled Tue 10th Jun Early"]
[Site "chess.com INT"]
[Date "2025.06.10"]
[Round "9"]
[White "Grezels, Florian"]
[Black "Iskusnyh, Sergei"]
[Result "0-1"]
[WhiteTitle "FM"]
[BlackTitle "GM"]
[WhiteElo "2306"]
[BlackElo "2440"]
[WhiteFideId "20696450"]
[BlackFideId "4120027"]
[EventDate "2025.06.10"]

1. e4 e6 2. d4 d5 3. Nc3 Nf6 4. Bg5 dxe4 5. Nxe4 Nbd7 6. Nf3 h6 7. Bxf6 Nxf6 8.
Bd3 Nxe4 9. Bxe4 c5 10. Qe2 Qa5+ 11. c3 Be7 12. O-O O-O 13. a3 cxd4 14. Nxd4 Qb6
15. Rad1 Bd7 16. b4 Ba4 17. Rd3 Rfd8 18. Rg3 Bh4 19. Rg4 Bf6 20. Qe3 Kf8 21. Qf3
Rac8 22. Ne2 Bd1 23. Re1 Rxc3 24. Qf4 Bxe2 25. Rxe2 Rd1+ 26. Re1 Rxe1# 0-1

[Event "Titled Tue 10th Jun Early"]
[Site "chess.com INT"]
[Date "2025.06.10"]
[Round "9"]
[White "Matskevich, Varvara"]
[Black "Castillo Pena, Patricia Evarista"]
[Result "1-0"]
[WhiteTitle "WFM"]
[BlackTitle "WFM"]
[WhiteElo "1911"]
[BlackElo "1909"]
[WhiteFideId "13523465"]
[BlackFideId "6412106"]
[EventDate "2025.06.10"]

1. e4 c5 2. Nf3 d6 3. d4 cxd4 4. Nxd4 Nf6 5. Nc3 a6 6. Bd3 e5 7. Nf3 Be7 8. O-O
O-O 9. Ne2 b5 10. Ng3 Bb7 11. a4 b4 12. a5 Nbd7 13. Bd2 Nc5 14. Re1 Rb8 15. b3
g6 16. Bh6 Re8 17. Nd2 Bf8 18. Bxf8 Rxf8 19. Nc4 Ne6 20. Bf1 Nf4 21. Qxd6 Qxd6
22. Nxd6 Bc6 23. Bxa6 Rfd8 24. Nc4 h5 25. Nxe5 Ba8 26. Bc4 h4 27. Nf1 Nxe4 28.
Nxf7 Kg7 29. Nxd8 Rxd8 30. Rad1 Rxd1 31. Rxd1 Nc3 32. Rd7+ Kf6 33. Ne3 Nce2+ 34.
Kf1 Nc3 35. g3 hxg3 36. hxg3 Nh5 37. a6 Kg5 38. f4+ Kf6 39. Rf7# 1-0

[Event "Titled Tue 10th Jun Early"]
[Site "chess.com INT"]
[Date "2025.06.10"]
[Round "9"]
[White "Shimanov, Aleksandr"]
[Black "Gilfanov, Marat I"]
[Result "1-0"]
[WhiteTitle "GM"]
[BlackTitle "FM"]
[WhiteElo "2578"]
[BlackElo "2343"]
[WhiteFideId "4198603"]
[BlackFideId "34372164"]
[EventDate "2025.06.10"]

1. e4 e6 2. d4 d5 3. Nd2 c5 4. Ngf3 cxd4 5. exd5 Nf6 6. dxe6 Bxe6 7. Nb3 Bxb3 8.
axb3 Nc6 9. Bb5 Bb4+ 10. Bd2 Bxd2+ 11. Qxd2 O-O 12. O-O Ne4 13. Qd1 Qc7 14. Bxc6
Qxc6 15. Nxd4 Qb6 16. c3 Rad8 17. Re1 Nf6 18. b4 a6 19. Qf3 Rd7 20. Re5 Rxd4 21.
cxd4 Qxd4 22. Qc3 Qd6 23. h3 h6 24. b5 axb5 25. Rxb5 b6 26. Qb4 Qd8 27. Qb3 Ne4
28. Rxb6 Nc5 29. Qb5 Qd4 30. Qb4 Qd5 31. Rb5 1-0

[Event "Titled Tue 10th Jun Early"]
[Site "chess.com INT"]
[Date "2025.06.10"]
[Round "9"]
[White "Sek, Konstantin"]
[Black "Ter-Sahakyan, Samvel"]
[Result "0-1"]
[WhiteTitle "IM"]
[BlackTitle "GM"]
[WhiteElo "2368"]
[BlackElo "2611"]
[WhiteFideId "24104302"]
[BlackFideId "13302531"]
[EventDate "2025.06.10"]

1. e4 d6 2. d4 Nf6 3. Nc3 g6 4. g3 Bg7 5. Bg2 O-O 6. Nge2 e5 7. h3 Nc6 8. Be3
Bd7 9. O-O Re8 10. Qd2 a6 11. a4 exd4 12. Nxd4 Ne5 13. b3 c5 14. Nf3 Nxf3+ 15.
Bxf3 Bxh3 16. Rfd1 Ng4 17. Rac1 Nxe3 18. Qxe3 Bd4 19. Rxd4 cxd4 20. Qxd4 Be6 21.
Kg2 Rc8 22. Ne2 Qg5 23. Qxd6 Bxb3 24. cxb3 Rxc1 25. e5 Rcc8 26. Qb6 Qxe5 27. Nf4
Rcd8 28. Qxb7 a5 29. Nd5 h5 30. Qb5 Rb8 31. Qc4 Kg7 32. Nf4 Rb4 33. Qc6 Rxb3 34.
Bd5 Rbb8 35. Qd7 Re7 36. Qc6 Rd8 37. Bxf7 Qe4+ 38. Qxe4 Rxe4 39. Ne6+ Kxf7 40.
Nxd8+ Kf6 41. Nc6 Rxa4 0-1

[Event "Titled Tue 10th Jun Early"]
[Site "chess.com INT"]
[Date "2025.06.10"]
[Round "9"]
[White "Sieciechowicz, Marcin"]
[Black "Srihari, L R"]
[Result "1-0"]
[WhiteTitle "IM"]
[BlackTitle "IM"]
[WhiteElo "2413"]
[BlackElo "2480"]
[WhiteFideId "1130170"]
[BlackFideId "46617116"]
[EventDate "2025.06.10"]

1. d4 Nf6 2. c4 e6 3. Nc3 d5 4. cxd5 exd5 5. Bg5 h6 6. Bxf6 gxf6 7. e3 Be6 8.
Bd3 Nd7 9. Nge2 Bd6 10. Nf4 Bxf4 11. exf4 f5 12. O-O c6 13. Qf3 Qb6 14. Rfd1 Nf6
15. Na4 Qb4 16. Nc5 Ne4 17. Nxe6 fxe6 18. Qh5+ Kd7 19. Bxe4 dxe4 20. Qf7+ Qe7
21. Qh5 Rag8 22. b4 Qg7 23. g3 Qg6 24. Qe2 a6 25. a4 Ke7 26. b5 axb5 27. axb5
Qe8 28. bxc6 Qxc6 29. d5 exd5 30. Qb2 Rd8 31. Qg7+ Ke6 32. Rac1 Qd6 33. Rc7 Rhf8
34. Rb1 Rb8 35. Rb6 1-0